Wir kochen gut: Mehr als 1 000 erprobte Rezepte fur den Haushalt, zusammengestellt unter Berucksichtigung der moderner Ernahrungslehre

Bibliografiska uppgifter
Språk:tyska
Publicerad: Leipzig, Verlag fur die Frau, 1968
Ämnen:
Materialtyp: Bok
KOHA link:https://koha.lib.tpu.ru/cgi-bin/koha/opac-detail.pl?biblionumber=30909

MARC

LEADER 00000nam0a2200000 4500
001 30909
005 20231030204208.0
035 |a (RuTPU)RU\TPU\book\31185 
035 |a BOOK00031264 
090 |a 30909 
100 |a 20011209d1968 u y0gery50 ba 
101 0 |a ger 
102 |a DE 
105 |a a f 000|y 
200 1 |a Wir kochen gut  |e Mehr als 1 000 erprobte Rezepte fur den Haushalt, zusammengestellt unter Berucksichtigung der moderner Ernahrungslehre 
210 |a Leipzig  |c Verlag fur die Frau  |d 1968 
215 |a 240 p.  |c ill 
610 1 |a немецкий язык 
610 1 |a учебные пособия 
610 1 |a книги для чтения 
610 1 |a хрестоматии 
610 1 |a кулинария 
610 1 |a пища 
610 1 |a приготовление 
610 1 |a рецепты 
675 |a 641.5  |v 3 
801 0 |a DE  |b 63413507  |c 20011209  |g PSBO 
801 2 |a RU  |b 63413507  |c 20060908  |g PSBO 
942 |c BK